| 000 | 00973mam a2200289 a 4500 | ||
|---|---|---|---|
| 008 | |||
| 020 | _a0881675520 (hbk.) | ||
| 049 | _aMAIN | ||
| 050 | 0 | _aQR360 VIR | |
| 245 | 1 | 0 |
_aFields virology / _ceditors-in-chief, Bernard N. Fields, David M. Knipe ; associate editors, Robert M. Chanock ... [et. al.]. |
| 250 | _a2nd ed. | ||
| 260 | 0 |
_aNew York : _bRaven Press, _cc1990. |
|
| 300 |
_a2 v. (xix,1267, 2356 p.) : _bill. ; _c29 cm. |
||
| 500 | _aRev. ed. of: Virology / editor-in-chief, Bernard N. Fields ; associate editors, David M. Knipe ... [et al.]. c1985. | ||
| 504 | _aIncludes bibliographical references. | ||
| 650 | 0 | _aVirology. | |
| 650 | 2 | _aVirus Diseases | |
| 650 | 2 | _aViruses | |
| 700 | 1 | 0 | _aFields, Bernard N. |
| 700 | 1 | 0 |
_aKnipe, David M. _q(David Mahan) |
| 740 | 0 | 1 | _aVirology. |
| 907 |
_a.b10223526 _b15-01-07 _c15-01-07 |
||
| 003 | |||
| 005 | 20230120203936.0 | ||
| 040 | _cNUST | ||
| 942 | _cBOOKS | ||
| 999 |
_c114286 _d114286 |
||